[Event "Frankfurt-chB"]
[Site "Frankfurt"]
[Date "2022.05.30"]
[Round "6"]
[White "Sasikumar Anitha, Sarvesh"]
[Black "Kaurin, Ivo"]
[Result "1/2-1/2"]
[WhiteElo "1204"]
[BlackElo "1495"]
[PlyCount "128"]
[EventDate "2022.04.25"]
[EventType "swiss"]
[EventRounds "7"]
[EventCountry "GER"]
[SourceTitle "EXT 2023"]
[Source "ChessBase"]
[SourceDate "2022.10.05"]
[SourceVersion "1"]
[SourceVersionDate "2022.10.05"]
[SourceQuality "1"]

1. d4 d5 2. Nc3 Nf6 3. Bf4 Bf5 4. e3 c6 5. f3 h6 6. g4 Bh7 7. Bd3 Nbd7 8. Bxh7 Nxh7 9. Nge2 Nhf6 10. Qd2 e6 11. 0-0-0 Bb4 12. a3 Bxc3 13. Nxc3 0-0 14. h4 Re8 15. Qh2 Nf8 16. Bd6 N6h7 17. Bxf8 Kxf8 18. f4 Nf6 19. g5 hxg5 20. hxg5 Ng4 21. Qg3 f5 22. gxf6 Nxf6 23. Rh8+ Kf7 24. Rh2 Rh8 25. Rdh1 Rxh2 26. Rxh2 Qg8 27. Rg2 Qh7 28. Rh2 Qg6 29. Qxg6+ Kxg6 30. Rg2+ Kh6 31. Ne2 Ne4 32. Ng1 Rg8 33. Nf3 Kh5 34. Ne5 Kh4 35. Rg6 Ng3 36. Kd1 Kh3 37. Ke1 Kg2 38. Nd3 Kf3 39. Rxe6 Rh8 40. Nf2 Rh2 41. Nd3 Re2+ 42. Kd1 Ne4 43. Rxe4 dxe4 44. Ne5+ Kf2 45. Ng4+ Kf3 46. Ne5+ Kxe3 47. Ng4+ Kxf4 48. Kxe2 Kxg4 49. Ke3 Kf5 50. c4 g5 51. d5 cxd5 52. cxd5 Ke5 53. d6 Kxd6 54. Kxe4 g4 55. Kf4 Kc5 56. Kxg4 Kc4 57. Kf5 b5 58. Ke6 a5 59. Kd6 a4 60. Kc6 b4 61. axb4 Kxb4 62. Kb6 Kb3 63. Ka5 a3 64. bxa3 Kxa3 1/2-1/2